000 00879nam a22002297a 4500
999 _c2012
_d2012
003 AR-CdUCM
008 190228b ||||| |||| 00| 0 spa d
040 _aMUNICIPALIDAD PROVINCIAL DEL CUSCO
_cBIBLIOTECA MUNICIPAL DEL CUSCO
082 _a808.887 /
_bR87
100 _aRowe, William
_97314
245 _aMito e Ideología en la obra de José María Arguedas
260 _aPerú :
_bInstituto Nacional de Cultura ;
_c1979.
300 _a220 páginas
_c23cm
440 _aCuadernos del INC
_n3
_97315
505 _aAgua y Yaguar fiesta -- El Lenguaje literario de Arguedas -- Los Ríos Profundos -- Todas las Sangres -- El Zorro de arriba y el Zorro de abajo
650 _aLiteratura peruana
_97175
650 _aNarrativa cultural
_97316
650 _aArguedas
_97317
710 _aInstituto Nacional de Cultura
_99
942 _2ddc
_cLIBROS
945 _anom
_d2019-02-28